[Event "Oberliga Ost-B 1819"]
[Site "Germany"]
[Date "2019.04.07"]
[Round "11.3"]
[White "Jakob, Matthias"]
[Black "Neumann, Martin1111"]
[Result "1/2-1/2"]
[WhiteElo "2104"]
[BlackElo "2067"]
[PlyCount "91"]
[EventDate "2018.10.21"]
[EventType "team-tourn"]
[EventRounds "11"]
[EventCountry "GER"]
[SourceTitle "EXT 2020"]
[Source "ChessBase"]
[SourceDate "2019.10.17"]
[SourceVersion "1"]
[SourceVersionDate "2019.10.17"]
[SourceQuality "1"]
[WhiteTeam "Erfurt Medizin"]
[BlackTeam "Gernsheim"]
[WhiteTeamCountry "GER"]
[BlackTeamCountry "GER"]

1. d4 d5 2. Nc3 Nf6 3. Bf4 e6 4. e3 Be7 5. Bd3 Bd7 6. Nf3 0-0 7. Ne5 c5 8. dxc5 Bxc5 9. 0-0 Nc6 10. e4 Nb4 11. exd5 Nfxd5 12. Nxd5 exd5 13. Nxd7 Qxd7 14. c3 Nxd3 15. Qxd3 Rad8 16. Be5 Rfe8 17. Qg3 Bf8 18. Bf6 Rc8 19. Bd4 Re2 20. b3 a6 21. Qd3 Re6 22. Rfe1 Rce8 23. Rxe6 Qxe6 24. Be3 g6 25. Rd1 Bg7 26. Qxd5 Qxd5 27. Rxd5 Bxc3 28. Rd7 b5 29. g3 Kg7 30. Kg2 h5 31. Rc7 Be5 32. Rc5 Bb2 33. Rc2 Be5 34. f4 Bf6 35. Kf3 Re6 36. h3 Ba1 37. g4 hxg4+ 38. hxg4 f5 39. Rc7+ Kf8 40. gxf5 gxf5 41. Rc5 Rf6 42. Rc1 Bb2 43. Rc2 Ba1 44. Rc7 Rf7 45. Rc6 Rf6 46. Rc7 1/2-1/2

[Event "Oberliga Ost-B 1819"]
[Site "Germany"]
[Date "2019.03.23"]
[Round "8.3"]
[White "Fritsch, Andreas"]
[Black "Jakob, Matthias"]
[Result "0-1"]
[WhiteElo "2052"]
[BlackElo "2104"]
[PlyCount "130"]
[EventDate "2018.10.21"]
[EventType "team-tourn"]
[EventRounds "11"]
[EventCountry "GER"]
[SourceTitle "EXT 2020"]
[Source "ChessBase"]
[SourceDate "2019.10.17"]
[SourceVersion "1"]
[SourceVersionDate "2019.10.17"]
[SourceQuality "1"]
[WhiteTeam "Naumburg"]
[BlackTeam "Erfurt Medizin"]
[WhiteTeamCountry "GER"]
[BlackTeamCountry "GER"]

1. Nc3 Nc6 2. d4 d6 3. e4 g6 4. Be2 Bg7 5. Be3 Nf6 6. h4 h5 7. Nh3 Ng4 8. Qd2 Nxe3 9. fxe3 Bh6 10. Bf3 e5 11. Qf2 exd4 12. exd4 0-0 13. Nd5 Bxh3 14. Rxh3 Kh8 15. c3 Ne7 16. Ne3 f5 17. Qe2 Qe8 18. 0-0-0 fxe4 19. Bxe4 d5 20. Bd3 Nf5 21. Bxf5 Rxf5 22. Kb1 Qe4+ 23. Qd3 Qxd3+ 24. Rxd3 Rf2 25. Nxd5 Re8 26. Ne3 Re2 27. Nd1 Rxg2 28. Rh1 Ree2 29. c4 Rd2 30. Rxd2 Rxd2 31. d5 Kg7 32. Nc3 a6 33. Re1 Kf7 34. Rf1+ Kg7 35. Re1 Kf7 36. Rf1+ Kg8 37. Re1 Rd4 38. c5 Bd2 39. Re7 Bxc3 40. bxc3 Rxd5 41. Rxc7 g5 42. hxg5 Rxg5 43. Kc2 h4 44. Rxb7 Rxc5 45. Rb1 h3 46. Rh1 Rh5 47. Rh2 Kf7 48. Kd3 Ke6 49. Ke4 Rh4+ 50. Ke3 Kd5 51. Kd3 a5 52. Ke3 Kc4 53. Kd2 Rh6 54. Kc2 a4 55. Kb2 Rh4 56. a3 Kd3 57. Rh1 h2 58. Rd1+ Ke2 59. Rh1 Kf2 60. c4 Kg2 61. Rxh2+ Kxh2 62. Kc3 Kg3 63. Kb4 Kf3 64. Kb5 Ke3 65. c5 Kd3 0-1

[Event "Oberliga Ost-B 1617"]
[Site "Germany"]
[Date "2017.05.07"]
[Round "11.5"]
[White "Jakob, Matthias"]
[Black "Felgendreher, Heiko"]
[Result "0-1"]
[WhiteElo "2068"]
[BlackElo "2222"]
[PlyCount "80"]
[EventDate "2016.10.16"]
[EventType "team-tourn"]
[EventRounds "11"]
[EventCountry "GER"]
[SourceTitle "EXT 2018"]
[Source "ChessBase"]
[SourceDate "2017.10.13"]
[SourceVersion "1"]
[SourceVersionDate "2017.10.13"]
[SourceQuality "1"]
[WhiteTeam "Erfurt Medizin"]
[BlackTeam "Moerlenbach Birkenau"]
[WhiteTeamCountry "GER"]
[BlackTeamCountry "GER"]

1. d4 Nf6 2. Nf3 g6 3. Nc3 d5 4. Bf4 Bg7 5. e3 Bg4 6. Be2 Bxf3 7. Bxf3 c6 8. 0-0 0-0 9. Nb1 Nbd7 10. Nd2 Re8 11. c3 e5 12. dxe5 Nxe5 13. Bxe5 Rxe5 14. Qb3 Qc7 15. Rad1 Rd8 16. Rfe1 Bf8 17. Nf1 Nd7 18. Rd2 b5 19. Red1 Rde8 20. Qc2 Bh6 21. b3 Nb6 22. Be2 Bg7 23. Bf3 Qe7 24. Ng3 f5 25. Ne2 Qf6 26. a4 bxa4 27. bxa4 Rd8 28. Rb1 Nc4 29. Rdd1 Na3 30. Qd3 Nxb1 31. Rxb1 Re7 32. Qa6 f4 33. Nxf4 Qxc3 34. h4 Be5 35. Nd3 Re6 36. Rc1 Qa3 37. Rd1 Bb8 38. h5 Qd6 39. g3 Rf8 40. Be2 Rxe3 0-1

[Event "Bled op"]
[Site "Bled"]
[Date "2017.03.12"]
[Round "5"]
[White "Cvetko, Branko"]
[Black "Jakob, Matthias"]
[Result "0-1"]
[WhiteElo "1739"]
[BlackElo "2045"]
[PlyCount "106"]
[EventDate "2017.03.10"]
[EventType "swiss"]
[EventRounds "5"]
[EventCountry "SLO"]
[SourceTitle "EXT 2019"]
[Source "ChessBase"]
[SourceDate "2018.10.10"]
[SourceVersion "1"]
[SourceVersionDate "2018.10.10"]
[SourceQuality "1"]

1. e4 e6 2. d4 d5 3. Nd2 Nf6 4. e5 Nfd7 5. Bd3 c5 6. c3 Nc6 7. Ndf3 cxd4 8. cxd4 f6 9. exf6 Nxf6 10. Ne2 Bd6 11. 0-0 0-0 12. a3 Bd7 13. Re1 Qc7 14. Ng3 Rae8 15. Bd2 e5 16. dxe5 Nxe5 17. Nxe5 Rxe5 18. Rxe5 Bxe5 19. Rc1 Qb8 20. b4 Ng4 21. Be1 Qd6 22. h3 Bxg3 23. fxg3 Qb6+ 24. Kh1 Ne3 25. Qh5 g6 26. Qg5 d4 27. Kh2 Bf5 28. Bxf5 Rxf5 29. Qe7 Rf7 30. Rc8+ Kg7 31. Qe5+ Qf6 32. Qe8 Qf1 33. Qe5+ Qf6 34. Qxf6+ Kxf6 35. g4 Rd7 36. Kg1 Ke5 37. Kf2 Ke4 38. Bd2 Kd3 39. Bxe3 Rf7+ 40. Ke1 Kxe3 41. Re8+ Kd3 42. Rc8 a6 43. Rc5 Re7+ 44. Kf1 Kd2 45. Rd5 Rf7+ 46. Kg1 d3 47. h4 Ke2 48. Re5+ Kd1 49. h5 d2 50. g5 Rf5 51. Rxf5 gxf5 52. g6 hxg6 53. hxg6 Ke2 0-1

[Event "Bled op"]
[Site "Bled"]
[Date "2017.03.10"]
[Round "1"]
[White "Papler, Peter"]
[Black "Jakob, Matthias"]
[Result "1-0"]
[WhiteElo "1540"]
[BlackElo "2045"]
[PlyCount "67"]
[EventDate "2017.03.10"]
[EventType "swiss"]
[EventRounds "5"]
[EventCountry "SLO"]
[SourceTitle "EXT 2019"]
[Source "ChessBase"]
[SourceDate "2018.10.10"]
[SourceVersion "1"]
[SourceVersionDate "2018.10.10"]
[SourceQuality "1"]

1. d4 e6 2. Nf3 Nf6 3. c3 b6 4. Nbd2 Bb7 5. e3 c5 6. Bd3 Nc6 7. 0-0 Be7 8. Re1 0-0 9. e4 cxd4 10. Nxd4 Ne5 11. Bc2 Qc7 12. Nf1 Rfd8 13. Bg5 d6 14. Ng3 h6 15. Bxf6 Bxf6 16. f4 Nc4 17. Qg4 Be7 18. Bb3 d5 19. e5 Bf8 20. Re2 Nxb2 21. f5 Qxc3 22. fxe6 fxe6 23. Nxe6 Nd3 24. Rf1 g5 25. Nxf8 Rxf8 26. Qe6+ Kh8 27. Qxh6+ Kg8 28. Qxg5+ Kh8 29. Qh6+ Kg8 30. Qg6+ Kh8 31. Nf5 Qc7 32. e6 Rae8 33. e7 Rxe7 34. Rxe7 1-0

[Event "Oberliga Ost-B 1617"]
[Site "Germany"]
[Date "2016.10.16"]
[Round "1.6"]
[White "Schmuck, Helmut"]
[Black "Jakob, Matthias"]
[Result "0-1"]
[WhiteElo "2143"]
[BlackElo "2068"]
[PlyCount "52"]
[EventDate "2016.10.16"]
[EventType "team-tourn"]
[EventRounds "11"]
[EventCountry "GER"]
[SourceTitle "EXT 2018"]
[Source "ChessBase"]
[SourceDate "2017.10.13"]
[SourceVersion "1"]
[SourceVersionDate "2017.10.13"]
[SourceQuality "1"]
[WhiteTeam "Erfurt Empor"]
[BlackTeam "Erfurt Medizin"]
[WhiteTeamCountry "GER"]
[BlackTeamCountry "GER"]

1. d4 Nc6 2. c4 Nf6 3. Nc3 e5 4. d5 Ne7 5. Nf3 Ng6 6. h4 h5 7. Bg5 Bc5 8. e3 d6 9. Bd3 Ne7 10. Qc2 Ng4 11. Bxe7 Qxe7 12. Ng5 Rh6 13. 0-0-0 Bd7 14. Nce4 Bb6 15. b4 f5 16. Nc3 e4 17. Bf1 0-0-0 18. Nh3 Qxh4 19. g3 Qe7 20. Ne2 Nxf2 21. Nxf2 Bxe3+ 22. Kb1 Bxf2 23. Qb3 g5 24. Bg2 Qe5 25. Qa3 Kb8 26. c5 f4 0-1

[Event "Maastricht Limburg op-A 7th"]
[Site "Maastricht"]
[Date "2013.05.17"]
[Round "1"]
[White "Gengler, Pierre"]
[Black "Jakob, Matthias"]
[Result "1-0"]
[WhiteElo "2141"]
[BlackElo "2020"]
[PlyCount "47"]
[EventDate "2013.05.17"]
[EventType "swiss"]
[EventRounds "7"]
[EventCountry "NED"]
[SourceTitle "EXT 2014"]
[Source "ChessBase"]
[SourceDate "2013.11.20"]
[SourceVersion "1"]
[SourceVersionDate "2013.11.20"]
[SourceQuality "1"]

1. e4 c5 2. Nf3 d6 3. g3 Nc6 4. d4 cxd4 5. Nxd4 g6 6. Bg2 Bg7 7. Be3 e6 8. 0-0 Nge7 9. Nc3 a6 10. Qd2 0-0 11. Rad1 Ne5 12. Qe2 Qc7 13. a4 b6 14. f4 Nc4 15. Bc1 Bb7 16. f5 exf5 17. exf5 Rfe8 18. Bxb7 Nxf5 19. Qg2 Bxd4+ 20. Rxd4 Rab8 21. Re4 Nfe3 22. Bxe3 Nxe3 23. Rxe3 Rxe3 24. Nd5 1-0

[Event "Oberliga Ost-B 1213"]
[Site "Germany"]
[Date "2013.01.13"]
[Round "5.7"]
[White "Prange, Dieter"]
[Black "Jakob, Matthias"]
[Result "1-0"]
[WhiteElo "2124"]
[BlackElo "2093"]
[PlyCount "87"]
[EventDate "2012.09.30"]
[EventType "team-tourn"]
[EventRounds "11"]
[EventCountry "GER"]
[SourceTitle "EXT 2014"]
[Source "ChessBase"]
[SourceDate "2013.11.20"]
[SourceVersion "1"]
[SourceVersionDate "2013.11.20"]
[SourceQuality "1"]
[WhiteTeam "Marburg"]
[BlackTeam "Erfurt Medizin"]
[WhiteTeamCountry "GER"]
[BlackTeamCountry "GER"]

1. c4 Nc6 2. Nc3 Nf6 3. g3 e5 4. Bg2 d6 5. d3 Be6 6. Nf3 Qd7 7. Ng5 Bg4 8. h3 Bh5 9. 0-0 h6 10. Nge4 Nxe4 11. dxe4 g5 12. Nd5 Bg7 13. b4 Nd4 14. f3 c6 15. Nc3 0-0 16. Rb1 Bg6 17. e3 Ne6 18. g4 Rfd8 19. Rf2 Nc7 20. Rd2 Qe6 21. Bf1 a6 22. a4 Bf8 23. Rb3 f6 24. a5 Bf7 25. Na4 Rab8 26. Nb6 Na8 27. Rc3 Nxb6 28. axb6 d5 29. Ba3 Be7 30. cxd5 cxd5 31. Rc7 Qxb6 32. Rxe7 Qxe3+ 33. Kg2 Qxa3 34. exd5 Rd6 35. Qb1 Rbd8 36. Rxf7 Kxf7 37. Qh7+ Kf8 38. Qh8+ Kf7 39. Qh7+ Kf8 40. Qxh6+ Ke8 41. Rc2 Qe3 42. Qh8+ Ke7 43. Qh7+ Ke8 44. Bd3 1-0

[Event "Oberliga Ost-B 1112"]
[Site "Germany"]
[Date "2011.11.20"]
[Round "4.5"]
[White "Jakob, Matthias"]
[Black "Klings, Peter"]
[Result "1/2-1/2"]
[WhiteElo "2109"]
[BlackElo "2149"]
[PlyCount "95"]
[EventDate "2011.10.02"]
[EventType "team-tourn"]
[EventRounds "11"]
[EventCountry "GER"]
[SourceTitle "EXT 2013"]
[Source "ChessBase"]
[SourceDate "2012.11.22"]
[SourceVersion "1"]
[SourceVersionDate "2012.11.22"]
[SourceQuality "1"]
[WhiteTeam "Erfurt Medizin"]
[BlackTeam "Moerlenbach"]
[WhiteTeamCountry "GER"]
[BlackTeamCountry "GER"]

1. d4 Nf6 2. Nf3 e6 3. e3 c5 4. Bd3 b6 5. Nbd2 Bb7 6. 0-0 Be7 7. b3 Nc6 8. a3 cxd4 9. exd4 Nd5 10. Ne4 f5 11. Ng3 Qc7 12. c4 Nf6 13. Bb2 d5 14. Ng5 Nd8 15. Rc1 Qd7 16. Qe2 Ne4 17. cxd5 exd5 18. Bb5 Bc6 19. Bxc6 Nxc6 20. N5xe4 fxe4 21. f3 e3 22. Qxe3 Kf7 23. Qd3 Na5 24. Rfe1 g6 25. f4 Bf6 26. Re2 Rhe8 27. Rce1 Rxe2 28. Rxe2 Re8 29. Kf1 Rxe2 30. Nxe2 Nc6 31. h3 h5 32. Qb5 Qe6 33. Qd3 Ne7 34. b4 Nf5 35. Kf2 h4 36. Qf3 Ke7 37. Qc3 Kd7 38. b5 Nd6 39. Qc6+ Ke7 40. Qc7+ Qd7 41. Qxd7+ Kxd7 42. a4 Nf5 43. Kf3 Ke6 44. Bc3 Kf7 45. Kf2 Ke6 46. Kf3 Kf7 47. Kf2 Ke6 48. Kf3 1/2-1/2

[Event "Oberliga Ost-B 1011"]
[Site "Germany"]
[Date "2011.04.09"]
[Round "10.6"]
[White "Jakob, Matthias"]
[Black "Seifert, Christopher"]
[Result "1/2-1/2"]
[WhiteElo "2139"]
[BlackElo "2176"]
[PlyCount "64"]
[EventDate "2010.10.24"]
[EventType "team-tourn"]
[EventRounds "11"]
[EventCountry "GER"]
[SourceTitle "EXT 2012"]
[Source "ChessBase"]
[SourceDate "2011.11.24"]
[SourceVersion "1"]
[SourceVersionDate "2011.11.24"]
[SourceQuality "1"]
[WhiteTeam "Erfurt Medizin"]
[BlackTeam "Neuberg"]
[WhiteTeamCountry "GER"]
[BlackTeamCountry "GER"]

1. d4 Nf6 2. Nf3 c5 3. d5 e6 4. Nc3 b5 5. Bg5 b4 6. Ne4 Bb7 7. Bxf6 gxf6 8. c4 f5 9. Ng3 h5 10. h4 Bd6 11. Rh3 Na6 12. e3 Qe7 13. Be2 0-0-0 14. a3 Bb8 15. Qd2 Rdg8 16. Ng1 Bxg3 17. fxg3 Rxg3 18. dxe6 dxe6 19. Rxg3 Rd8 20. Bd3 Be4 21. Qf2 Rxd3 22. Ne2 Qf6 23. Rg8+ Kb7 24. Nf4 Rb3 25. Qd2 Rxb2 26. Qd7+ Nc7 27. Kf1 Qxh4 28. Kg1 Qf2+ 29. Kh1 bxa3 30. Rd1 Qxe3 31. Qc8+ Kc6 32. Qd7+ Kb7 1/2-1/2

[Event "Oberliga Ost-B 1011"]
[Site "Germany"]
[Date "2011.02.27"]
[Round "8.5"]
[White "Mueller, Horst1111"]
[Black "Jakob, Matthias"]
[Result "1-0"]
[WhiteElo "2199"]
[BlackElo "2139"]
[PlyCount "105"]
[EventDate "2010.10.24"]
[EventType "team-tourn"]
[EventRounds "11"]
[EventCountry "GER"]
[SourceTitle "EXT 2012"]
[Source "ChessBase"]
[SourceDate "2011.11.24"]
[SourceVersion "1"]
[SourceVersionDate "2011.11.24"]
[SourceQuality "1"]
[WhiteTeam "Offenbach"]
[BlackTeam "Erfurt Medizin"]
[WhiteTeamCountry "GER"]
[BlackTeamCountry "GER"]

1. d4 Nf6 2. c4 Nc6 3. Nf3 e6 4. Nc3 Bb4 5. e3 0-0 6. Qc2 d6 7. a3 Bxc3+ 8. Qxc3 Ne4 9. Qc2 f5 10. Bd3 d5 11. b4 a6 12. Bb2 Bd7 13. 0-0 Be8 14. Rae1 Bh5 15. Ne5 Nxe5 16. dxe5 c6 17. f3 Ng5 18. Bd4 Kh8 19. a4 Rc8 20. cxd5 cxd5 21. Qd2 Rg8 22. a5 Be8 23. Rc1 Bc6 24. Rc3 Qd7 25. Rfc1 Rge8 26. Qf2 Ra8 27. Qg3 h6 28. h4 Nh7 29. Rc5 Nf8 30. R5c3 Kh7 31. Bc5 Qf7 32. Qh3 Kg8 33. Bd4 Qd7 34. Bc5 Rec8 35. Bd6 Re8 36. g4 g6 37. h5 fxg4 38. Qxg4 g5 39. Kf2 Qg7 40. f4 Nd7 41. Rg1 Kh8 42. Ke2 Rac8 43. Kd2 Ra8 44. Bg6 Rec8 45. Qxe6 gxf4 46. exf4 Nf8 47. Qf6 Qxf6 48. exf6 Nd7 49. Be7 Ba4 50. Rcg3 Rc6 51. Bf5 Nxf6 52. Rg6 Nxh5 53. Bd6 1-0

[Event "Oberliga Ost-B 1011"]
[Site "Germany"]
[Date "2010.11.14"]
[Round "3.7"]
[White "Wagner, Andreas"]
[Black "Jakob, Matthias"]
[Result "1-0"]
[WhiteElo "1930"]
[BlackElo "2139"]
[PlyCount "73"]
[EventDate "2010.10.24"]
[EventType "team-tourn"]
[EventRounds "11"]
[EventCountry "GER"]
[SourceTitle "EXT 2012"]
[Source "ChessBase"]
[SourceDate "2011.11.24"]
[SourceVersion "1"]
[SourceVersionDate "2011.11.24"]
[SourceQuality "1"]
[WhiteTeam "Steinbach"]
[BlackTeam "Erfurt Medizin"]
[WhiteTeamCountry "GER"]
[BlackTeamCountry "GER"]

1. d4 d5 2. Nf3 Nc6 3. Bf4 Bg4 4. e3 e6 5. Bd3 Nb4 6. Bb5+ c6 7. Ba4 Bxf3 8. Qxf3 Qa5 9. Nc3 Nf6 10. a3 Na6 11. 0-0 Be7 12. b4 Qd8 13. b5 Qa5 14. bxc6 b6 15. c7+ Kf8 16. Bc6 Qxc3 17. Bxa8 Nxc7 18. Bb7 Ne4 19. Qe2 g5 20. Bxc7 Qxc7 21. Ba6 Bd6 22. g3 h5 23. Bd3 Nc3 24. Qf3 Qe7 25. e4 g4 26. Qe3 Bxa3 27. exd5 Nxd5 28. Qe5 Rh6 29. c4 Bd6 30. Qe4 Nb4 31. Qa8+ Kg7 32. Rxa7 Qf6 33. Qe4 Nxd3 34. Qxd3 h4 35. Qe4 Qg5 36. Rb7 Qh5 37. Qg2 1-0

[Event "Brighton op"]
[Site "Brighton"]
[Date "2010.11.13"]
[Round "2"]
[White "Holland, James P"]
[Black "Jakob, Matthias"]
[Result "1-0"]
[WhiteElo "2079"]
[BlackElo "2020"]
[PlyCount "53"]
[EventDate "2010.11.12"]
[EventType "swiss"]
[EventRounds "5"]
[EventCountry "ENG"]
[SourceTitle "EXT 2011"]
[Source "ChessBase"]
[SourceDate "2010.11.26"]
[SourceVersion "1"]
[SourceVersionDate "2010.11.26"]
[SourceQuality "1"]

1. d4 e6 2. e4 d5 3. Nd2 dxe4 4. Nxe4 Nd7 5. Bd3 Ngf6 6. Qe2 b6 7. Nf3 Be7 8. Neg5 Bb7 9. Nxf7 Bxf3 10. Qxe6 Qc8 11. gxf3 Rf8 12. Ng5 Qb7 13. Be4 Nxe4 14. Qxe4 0-0-0 15. Qxb7+ Kxb7 16. Ne6 Bb4+ 17. Kf1 Rde8 18. Nxf8 Rxf8 19. Ke2 Nf6 20. Be3 Nd5 21. Rhg1 g6 22. c4 Nf4+ 23. Bxf4 Rxf4 24. Rg4 Rf5 25. Rh4 h5 26. Rg1 Rf6 27. c5 1-0

[Event "Oberliga Ost-B 1011"]
[Site "Germany"]
[Date "2010.11.13"]
[Round "2.7"]
[White "Jakob, Matthias"]
[Black "Rueger, Erhard"]
[Result "1/2-1/2"]
[WhiteElo "2139"]
[BlackElo "2195"]
[PlyCount "128"]
[EventDate "2010.10.24"]
[EventType "team-tourn"]
[EventRounds "11"]
[EventCountry "GER"]
[SourceTitle "EXT 2012"]
[Source "ChessBase"]
[SourceDate "2011.11.24"]
[SourceVersion "1"]
[SourceVersionDate "2011.11.24"]
[SourceQuality "1"]
[WhiteTeam "Erfurt Medizin"]
[BlackTeam "Frankfurt BvK"]
[WhiteTeamCountry "GER"]
[BlackTeamCountry "GER"]

1. d4 Nf6 2. Nf3 e6 3. e3 c5 4. Bd3 Be7 5. 0-0 0-0 6. b3 b6 7. Bb2 Bb7 8. Nbd2 d6 9. Re1 Nbd7 10. c4 Rc8 11. Rc1 Re8 12. Bb1 Bf8 13. e4 cxd4 14. Bxd4 Qc7 15. Qc2 Ne5 16. Qb2 Nfd7 17. Bc3 Red8 18. h3 a6 19. Nd4 Nc6 20. Qc2 Nxd4 21. Bxd4 Qc6 22. Nf3 g6 23. Bb2 e5 24. Qd2 Nc5 25. Nh2 Bg7 26. Nf3 Ne6 27. Red1 Nf4 28. Ba3 Ne6 29. Bb2 Nc5 30. Re1 Rf8 31. Rcd1 Rcd8 32. Bc2 Ne6 33. Kh2 Nf4 34. Ba3 Rd7 35. Bb2 Rdd8 36. Bb1 Qc8 37. Ba3 Rfe8 38. Qe3 Qc6 39. Qd2 h6 40. Bb2 Qc8 41. Ng1 Ne6 42. Ne2 Nc5 43. Nc3 Qd7 44. Bc2 Bc6 45. Ba3 Ne6 46. Ne2 Qb7 47. f3 Bf6 48. Bc1 Bg5 49. Qc3 Bxc1 50. Rxc1 Rf8 51. Qe3 Kg7 52. g4 b5 53. Bd3 b4 54. Bc2 a5 55. Red1 Nc5 56. Rd2 Qe7 57. Rcd1 Rd7 58. Nc1 Rb8 59. Nd3 Ne6 60. Nc1 Nd4 61. Ne2 Ne6 62. Rf1 Nc5 63. Rfd1 Rbd8 64. Kg3 Qf6 1/2-1/2